Online
Catalog

Mujeres extraordinarias : (Record no. 7220)

MARC details
000 -CABECERA
campo de control de longitud fija 00714cam a2200181 a 4500
001 - NÚMERO DE CONTROL
campo de control 000007439
005 - FECHA Y HORA DE LA ÚLTIMA TRANSACCIÓN
campo de control 20200929154154.0
008 - DATOS DE LONGITUD FIJA--INFORMACIÓN GENERAL
campo de control de longitud fija 790223s1929 sp c 000 0 spa
040 ## - FUENTE DE LA CATALOGACIÓN
Centro catalogador/agencia de origen DO-SdBNP
Lengua de catalogación spa
Centro/agencia transcriptor BNPHU
082 ## - NÚMERO DE LA CLASIFICACIÓN DECIMAL DEWEY
Número de clasificación 920.72
Número de documento/Ítem C355m
100 1# - ENTRADA PRINCIPAL--NOMBRE DE PERSONA
Nombre de persona Castro, Cristóbal de,
Fechas asociadas al nombre 1880-
9 (RLIN) 20654
245 10 - MENCIÓN DE TÍTULO
Título Mujeres extraordinarias :
Resto del título (con retratos) mujeres de la historia - mujeres contemporáneas /
Mención de responsabilidad, etc. Cristóbal de Castro.
260 ## - PUBLICACIÓN, DISTRIBUCIÓN, ETC.
Lugar de publicación, distribución, etc. Madrid :
-- Buenos Aires :
Nombre del editor, distribuidor, etc. Compañía Ibero-Americana de Publicaciones Renacimiento,,
Fecha de publicación, distribución, etc. 1929.
300 ## - DESCRIPCIÓN FÍSICA
Extensión 245 p. :
Otras características físicas retrs. ;
Dimensiones 19 cm.
650 #4 - PUNTO DE ACCESO ADICIONAL DE MATERIA--TÉRMINO DE MATERIA
Término de materia o nombre geográfico como elemento de entrada Mujeres
Subdivisión general Biografías
9 (RLIN) 2896
650 #4 - PUNTO DE ACCESO ADICIONAL DE MATERIA--TÉRMINO DE MATERIA
Término de materia o nombre geográfico como elemento de entrada Mujeres
Subdivisión general Historia
9 (RLIN) 1930
650 #4 - PUNTO DE ACCESO ADICIONAL DE MATERIA--TÉRMINO DE MATERIA
Término de materia o nombre geográfico como elemento de entrada Mujeres
Subdivisión general Cuestiones sociales y morales
-- Historia
9 (RLIN) 8257
Holdings
Estado de retiro Estado de pérdida Restricciones de uso No para préstamo Código de colección Localización permanente Ubicación/localización actual Ubicación en estantería Fecha de adquisición Número de inventario Total de préstamos Signatura topográfica completa Código de barras Fecha visto por última vez Precio válido a partir de Tipo de ítem Koha
    Préstamo interno   Monografías: Libros y Folletos General General En catalogación 08.09.2009 LF1   920.72 C355m 7439-10 25.06.2020 25.06.2020 Préstamo interno

Powered by Koha